Normal view
MARC view
- ACI Committee 318
Entry Personal Name
001 - CONTROL NUMBER
- control field: 5023
003 - CONTROL NUMBER IDENTIFIER
- control field: JO-AjAnu
005 - DATE AND TIME OF LATEST TRANSACTION
- control field: 20230606071122.0
008 - FIXED-LENGTH DATA ELEMENTS
- fixed length control field: 230606|| aca||aabn | a|a d
040 ## - CATALOGING SOURCE
- Original cataloging agency: JO-AjAnu
- Transcribing agency: JO-AjAnu
100 ## - HEADING--PERSONAL NAME
- Personal name: ACI Committee 318
670 ## - SOURCE DATA FOUND
- Source citation: Work cat.: (JO-AjAnu)2595: ACI Committee 318, author, Building code requirements for structural concrete (ACI 318M-08) and commentary